[Event "Mittelfrankenliga-B2a 0607"]
[Site "Mittelfranken"]
[Date "2007.01.28"]
[Round "5.3"]
[White "Schuhmann, Benedict"]
[Black "Mueller, Stefan"]
[Result "0-1"]
[WhiteElo "1667"]
[BlackElo "1964"]
[PlyCount "85"]
[EventDate "2006.10.22"]
[EventType "team-tourn"]
[EventRounds "9"]
[EventCountry "GER"]
[SourceTitle "EXT 2011"]
[Source "ChessBase"]
[SourceDate "2010.11.26"]
[SourceVersion "1"]
[SourceVersionDate "2010.11.26"]
[SourceQuality "1"]
[WhiteTeam "Lauf II"]
[BlackTeam "Erlangen Siemens"]
[WhiteTeamCountry "GER"]
[BlackTeamCountry "GER"]

1. e4 e5 2. Nf3 Nf6 3. Nxe5 d6 4. Nf3 Nxe4 5. d4 Be7 6. Bd3 Nf6 7. 0-0 Bg4 8. c3 0-0 9. Bg5 c6 10. Re1 Nbd7 11. Nbd2 Re8 12. Qc2 Nf8 13. Rac1 Nd5 14. Bxe7 Rxe7 15. Rxe7 Qxe7 16. Bf5 Bh5 17. Re1 Qf6 18. Qe4 Bg6 19. Bxg6 Nxg6 20. Qg4 Rd8 21. g3 Nde7 22. Ne4 Qf5 23. Qxf5 Nxf5 24. h4 h5 25. Neg5 f6 26. Nh3 Kf7 27. b3 d5 28. Re2 Nd6 29. Kf1 Nb5 30. Rc2 a5 31. a4 Nd6 32. Ne1 Ne4 33. Nd3 Rc8 34. Nc5 Nxc5 35. dxc5 Re8 36. f3 Ne5 37. Nf4 Nxf3 38. Nxh5 Kg6 39. Kf2 Ne5 40. Nf4+ Kf5 41. Re2 g5 42. hxg5 fxg5 43. Ng2 0-1

[Event "GER-chT Betriebe"]
[Site "Berlin"]
[Date "2006.10.07"]
[Round "6.3"]
[White "Herrmann, Eberhard"]
[Black "Mueller, Stefan"]
[Result "0-1"]
[WhiteElo "1771"]
[BlackElo "1744"]
[PlyCount "38"]
[EventDate "2006.10.05"]
[EventType "team-tourn"]
[EventRounds "7"]
[EventCountry "GER"]
[SourceTitle "EXT 2020"]
[Source "ChessBase"]
[SourceDate "2019.10.17"]
[SourceVersion "1"]
[SourceVersionDate "2019.10.17"]
[SourceQuality "1"]
[WhiteTeam "SG TaxiTeam/Wiheil"]
[BlackTeam "BA Tempelhof II"]
[WhiteTeamCountry "GER"]
[BlackTeamCountry "GER"]

1. e4 d5 2. exd5 Qxd5 3. Nf3 Nf6 4. c4 Qa5 5. Be2 c6 6. 0-0 Bf5 7. d4 Nbd7 8. a3 e6 9. Bf4 Ne4 10. Nh4 g5 11. Nxf5 gxf4 12. Nh4 0-0-0 13. Qc1 Qg5 14. Nf3 Qh6 15. Nc3 Ndf6 16. b4 Rg8 17. Rd1 Qh3 18. g3 fxg3 19. fxg3 Rxg3+ 0-1